| Tag |
First Indicator |
Second Indicator |
Subfields |
| LEADER |
00000cam a2200000 a 4500 |
| 001 |
in00001069284 |
| 005 |
20150929093020.0 |
| 008 |
841205s1984 txua s s00000 eng d |
| 020 |
|
|
|c $1.00
|
| 035 |
|
|
|a (OCoLC)11456697
|
| 035 |
|
|
|9 AFM7640AM
|
| 040 |
|
|
|a IKM
|c IKM
|d UtOrBLW
|
| 049 |
|
|
|a IKMd
|
| 086 |
|
|
|a E707.8 T312voe 1980/1- 82/3
|2 txdocs
|
| 099 |
|
9 |
|a E707.8
|a T312voe
|a 1980/1-
|a 82/3
|
| 245 |
0 |
0 |
|a Texas vocational education status report :
|b sex equity, special needs, ethnicity.
|
| 264 |
|
1 |
|a Austin, Tex. :
|b Texas Education Agency, Dept. of Occupational Education and Technology,
|c [1984]
|
| 300 |
|
|
|a vi, 33 pages :
|b illustrations ;
|c 28 cm.
|
| 336 |
|
|
|a text
|b txt
|2 rdacontent
|
| 337 |
|
|
|a unmediated
|b n
|2 rdamedia
|
| 338 |
|
|
|a volume
|b nc
|2 rdacarrier
|
| 500 |
|
|
|a "Fiscal years 1981-1983"--Cover.
|
| 500 |
|
|
|a "September 1984."
|
| 500 |
|
|
|a "GE5 851 01."
|
| 650 |
|
0 |
|a Vocational education
|z Texas.
|
| 710 |
2 |
|
|a Texas Education Agency.
|b Department of Occupational Education and Technology.
|
| 740 |
0 |
|
|a Status report : Sex equity, special needs, ethnicity.
|
| 740 |
0 |
|
|a Sex equity, special needs, ethnicity.
|
| 999 |
|
|
|a MARS
|
| 999 |
f |
f |
|s d6b67844-804b-3fca-b19d-238a3804bbc3
|i ea2bdc3f-1732-3fa9-913f-4d79dbac10b2
|t 0
|
| 952 |
f |
f |
|p normal
|a Texas A&M University
|b College Station
|c Sterling C. Evans Library
|d Evans: Texas Documents (Annex 5th floor)
|t 0
|e E707.8 T312voe 80/1- 82/3
|h Superintendent of Documents classification
|i unmediated -- volume
|m A14815837639
|
| 998 |
f |
f |
|a E707.8 T312voe 80/1- 82/3
|t 0
|l Evans: Texas Documents (Annex 5th floor)
|